Polonia : revista ilustrada revista ilustrada
Descripción Física:
1 vol. ; il·lustracions b/n ; periodicitat: mensual ; 24 cm
Otros Autores:
Cruz Roja Polaca en España
Idioma:
Español
MARC
| LEADER | 00000nas a2200000 a 4500 | ||
|---|---|---|---|
| 001 | 28161 | ||
| 003 | AGDB | ||
| 005 | 20260324180130.0 | ||
| 008 | 160829s9999 xx 000 0 cat d | ||
| 022 | |a 0324-8089 | ||
| 040 | |a agdb |b cat | ||
| 041 | |a spa | ||
| 245 | |a Polonia : |b revista ilustrada | ||
| 246 | |a Polonia : |b revista mensual ilustrada | ||
| 260 | |a Madrid : |b Cruz Roja Polaca en España ; |c 1955-[1969] | ||
| 300 | |a 1 vol. ; |b il·lustracions b/n ; periodicitat: mensual ; |c 24 cm | ||
| 310 | |a Mensual | ||
| 362 | |a Vol. 1, no. 1 (1955)-vol. 15, no. 98 (1969) | ||
| 500 | |a Descripció basada en: Año 1, no. 12 (dic. 1955). | ||
| 500 | |a Prové de R-297, exp. 32. | ||
| 500 | |a Mensual (1955-1958); bimestral (1958- ); després irregular. | ||
| 650 | |a Polònia |x Revistes |9 47326 | ||
| 650 | |a Polonesos |x Revistes |9 47327 | ||
| 655 | 0 | |9 55823 |a Revistes | |
| 700 | |a Cruz Roja Polaca en España |9 47328 | ||
| 866 | |a Any 1, 1955 (12) | ||
| 901 | |a Arxiu | ||
| 942 | |n 1 |2 udc |c REV | ||
| 952 | |0 0 |1 0 |2 udc |4 0 |6 REV2271 |7 1 |9 53818 |a Arxiu |b Arxiu |d 2023-08-08 |h Núm. 12 (desembre 1955) |o Rev-2271 |p 28161 |r 2016-12-01 00:00:00 |w 2016-12-01 |y ARXIU | ||
| 999 | |c 57684 |d 57684 | ||